Když sport pomáhá a utužuje vztahy v práci
Pozitívny vplyv pohybových aktivít na zamestnancov. Budovanie a udržovanie pracovného kolektívu. Rôzne formy fyzických aktivít ako možnosť odpočinku na pracovisku (jóga, golf, týmové športy).
Na minha lista:
| Autor principal: | |
|---|---|
| Formato: | Capítulo de Livro |
| Idioma: | tcheco |
| Assuntos: | |
| Tags: |
Sem tags, seja o primeiro a adicionar uma tag!
|
MARC
| LEADER | 00000naa a2200000 4500 | ||
|---|---|---|---|
| 001 | 0256952 | ||
| 005 | 20190709100939.9 | ||
| 041 | 0 | |a cze | |
| 044 | |a CZ | ||
| 245 | 1 | 0 | |a Když sport pomáhá a utužuje vztahy v práci |c Kristýna Moučková |
| 520 | |a Pozitívny vplyv pohybových aktivít na zamestnancov. Budovanie a udržovanie pracovného kolektívu. Rôzne formy fyzických aktivít ako možnosť odpočinku na pracovisku (jóga, golf, týmové športy). | ||
| 610 | 2 | 0 | |a spokojnosť v práci |
| 610 | 2 | 0 | |a firmy |
| 610 | 2 | 0 | |a starostlivosť o pracovníkov |
| 610 | 2 | 0 | |a starostlivosť o zdravie |
| 610 | 2 | 0 | |a kolektív pracovný |
| 610 | 2 | 0 | |a vzťahy medziľudské |
| 610 | 2 | 0 | |a šport |
| 610 | 2 | 0 | |a zamestnanci |
| 610 | 2 | 0 | |a kultúra podniková |
| 100 | 1 | |a Moučková, Kristýna | |